Loty bezpośrednie z Portu Lotniczego Warszawa-Okęcie - Statystyki

Ogólne statystyki
  • Ten quiz został rozwiązany 274 razy
  • Średni wynik to 131 z 289
Statystyki odpowiedzi
Linia lotnicza Kierunek % Poprawnych
Air Contractors (towarowy) | Air France | FedEx (towarowy) | +2 others Paryż
94%
LOT | LOT Cargo/Cargojet Airways (towarowy) Nowy Jork
92%
LOT Berlin
90%
British Airways | LOT | Wizzair Londyn
90%
LOT | Wizzair Madryt
88%
Aerofłot | LOT Moskwa
88%
Czech Airlines | LOT Praga
88%
Austrian Airlines | Wizzair Wieden
87%
LOT Wiedeń
87%
Air China | LOT Pekin
86%
KLM | LOT Amsterdam
85%
Finnair Helsinki
85%
LOT | Sprint Air (towarowy) | Ukraine International Airlines | Wizzair Kijów
85%
LOT Kraków
85%
LOT | Norwegian | SAS | Wizzair Oslo
85%
Enter Air (czarter) | LOT | Wizzair Barcelona
84%
Air Baltic | LOT Ryga
84%
Aegean Airlines | Enter Air (czarter) Ateny
83%
LOT | Sprint Air (towarowy) Gdańsk
83%
TAP Portugal | Wizzair Lizbona
83%
Wizzair Rzym
83%
Emirates Dubaj
82%
LOT Los Angeles
81%
LOT | Wizzair Sztokholm
81%
LOT | Wizzair Budapeszt
79%
LOT | Lufthansa/Lufthansa CityLine Monachium
79%
Belavia | Genex (towarowy) | LOT Mińsk
78%
LOT Tokio
78%
Air Canada (sezonowo) | LOT Toronto
78%
LOT | Sprint Air (towarowy) Wrocław
78%
LOT Lublin
77%
LOT Wilno
77%
Wizzair Mediolan/Bergamo
76%
LOT | Turkish Airlines Stambuł
76%
LOT | Wizzair Bukareszt
75%
LOT | Lufthansa/Lufthansa CityLine Frankfurt
75%
LOT Mediolan
75%
LOT Szczecin
74%
LOT | Wizzair Bruksela
73%
LOT | SAS Kopenhaga
73%
LOT Rzeszów
73%
LOT Tallinn
72%
LOT Chicago
70%
LOT | Sprint Air (towarowy) Katowice
69%
LOT | Sprint Air (towarowy) Poznań
67%
LOT Zagrzeb
66%
LOT Lwów
65%
LOT Sofia
65%
LOT Hamburg
64%
LOT Belgrad
63%
LOT | Swiss International Air Lines Zurych
63%
Wizzair (sezonowo) Porto
62%
Enter Air (czarter) | Wizzair Neapol
60%
Air Malta | Air Malta (czarter) | Wizzair Malta
59%
TACV (czarter) Sal
59%
Arkia Israel Airlines (czarter) | El Al Israel Airlines | Enter Air (czarter) | +3 others Tel Awiw
59%
LOT | LOT (czarter) Miami
58%
LOT Seul
58%
LOT Wenecja
56%
Buzz (czarter) Tirana
53%
LOT | Wizzair (sezonowo) Turyn
53%
Wizzair Edynburg
52%
Wizzair Reykjavík/Keflavík
52%
Corendon Airlines (sezonowo) | SunExpress (czarter) Antalya
51%
Qatar Airways Doha
51%
Wizzair Lyon
51%
LOT Kiszyniów
50%
LOT Zielona Góra
50%
LOT | Wizzair (sezonowo) Nicea
49%
Travel Service Polska/Smartwings Poland (czarter) Palermo
49%
Enter Air (czarter) Saloniki
49%
LOT | Sprint Air (towarowy) Bydgoszcz
48%
Wizzair Liverpool
48%
LOT Genewa
47%
LOT Charków
46%
LOT Delhi
46%
Buzz (czarter) | Enter Air (czarter) Kos
46%
Wizzair Bergen
45%
UPS (towarowy) Kolonia
45%
Enter Air (czarter) | LOT (czarter) Bangkok
44%
LOT Odessa
43%
Enter Air (czarter) Sewilla
43%
LOT Waszyngton
43%
Wizzair (sezonowo) Bari
42%
LOT Erywań
42%
LOT Nur-Sułtan
42%
LOT Tbilisi
42%
LOT Luksemburg
40%
LOT (sezonowo) Skopje
40%
Enter Air (czarter) | LOT (sezonowo) | Wizzair (sezonowo) Split
40%
UPS (towarowy) Szanghaj
40%
Enter Air (czarter) | Norwegian Malaga
39%
Wizzair Malmo
39%
LOT Singapur
39%
LOT Lublana
38%
LOT | Wizzair (sezonowo) Podgorica
38%
DHL (towarowy) Lipsk
36%
Buzz (czarter) | Enter Air (czarter) Rodos
36%
LOT San Francisco
36%
Buzz (czarter) | Enter Air (czarter) | LOT (sezonowo) | Travel Service Polska/Smartwings Poland (czarter) Warna
35%
LOT Düsseldorf
34%
LOT | Wizzair Goteborg
34%
Wizzair Birmingham
32%
Wizzair Bolonia
31%
LOT Koszyce
31%
Travel Service Polska/Smartwings Poland (czarter) Teneryfa
31%
Enter Air (czarter) | Travel Service Polska/Smartwings Poland (czarter) Burgas
30%
Enter Air (czarter) | LOT Dubrownik
30%
Buzz (czarter) | Enter Air (czarter) | Wizzair (sezonowo) Katania
30%
LOT Stuttgart
30%
Wizzair Bordeaux
28%
Corendon Airlines (sezonowo) | Enter Air (czarter) Hurghada
28%
LOT (czarter) Rio De Janeiro
28%
Buzz (czarter) | Wizzair (sezonowo) Alicante
27%
Enter Air (czarter) | Travel Service Polska/Smartwings Poland (czarter) Heraklion
27%
UPS (towarowy) Hong Kong
27%
Buzz (czarter) | LOT | Travel Service Polska/Smartwings Poland (czarter) | Wizzair Larnaka
27%
LOT Ostrawa
27%
Enter Air (czarter) Chania
26%
Aegean Airlines (czarter) | Enter Air (czarter) | LOT (sezonowo) | Wizzair (sezonowo) Korfu
26%
LOT Kowno
26%
Enter Air (czarter) Izmir
25%
Travel Service Polska/Smartwings Poland (czarter) Madera
25%
LOT (czarter) Male
25%
Enter Air (czarter) | Travel Service Polska/Smartwings Poland (czarter) Palma de Mallorca
25%
LOT Bejrut
24%
Wizzair Eindhoven
24%
Wizzair Marrakesz
23%
LOT Sankt Petersburg
23%
Wizzair Kutaisi
22%
LOT (sezonowo) Zadar
22%
Arkefly (czarter) | LOT (czarter) Cancún
21%
Travel Service Polska/Smartwings Poland (czarter) Gran Canaria
21%
Buzz (czarter) | Enter Air (czarter) Pafos
21%
LOT (czarter) Zanzibar
21%
Enter Air (czarter) Faro
19%
LOT Hanower
19%
LOT Kluż-Napoka
19%
Enter Air (czarter) Marsa Alam
19%
LOT Norymberga
19%
LOT | Wizzair (sezonowo) Billund
18%
Wizzair (sezonowo) Bazylea
17%
LOT Newark
17%
Arkefly (czarter) | LOT (czarter) | Travel Service Polska/Smartwings Poland (czarter) Punta Cana
17%
LOT Kaliningrad
16%
Enter Air (czarter) | Wizzair (sezonowo) Werona
16%
Enter Air (czarter) | Travel Service Polska/Smartwings Poland (czarter) Bodrum
15%
Enter Air (czarter) | LOT (czarter) Phuket
14%
Enter Air (czarter) Agadir
13%
Enter Air (czarter) | Travel Service Polska/Smartwings Poland (czarter) Fuerteventura
12%
Enter Air (czarter) Szarm el-Szejk
11%
UPS (towarowy) Ałmaty
10%
Enter Air (czarter) | LOT (czarter) | LOT (sezonowo) Kolombo
10%
LOT Zaporoże
10%
Enter Air (czarter) | LOT (czarter) Mombasa
9%
Enter Air (czarter) Dżerba
8%
TNT (towarowy) Liège
8%
Enter Air (czarter) | Nouvelair (czarter) Monastyr
8%
Enter Air (czarter) Olbia
8%
LOT (czarter) Panama
8%
LOT (sezonowo) Pula
8%
Enter Air (czarter) Zakynthos
8%
LOT (czarter) Ho Chi Minh
7%
LOT (czarter) Antananarywa
6%
Enter Air (czarter) Dalaman
6%
Wizzair (sezonowo) Grenoble
6%
Enter Air (czarter) | Nouvelair (czarter) Enfidha
5%
Arkefly (czarter) | LOT (czarter) Mauritius
5%
Wizzair Doncaster/Sheffield
4%
Enter Air (czarter) Patras/Araxos
4%
Wizzair Santander
4%
Wizzair (sezonowo) Alghero
3%
LOT (czarter) Denpasar
3%
LOT (czarter) Krabi
3%
Enter Air (czarter) | Wizzair Lamezia Terme
3%
Air Seychelles Mahé
3%
LOT (czarter) Varadero
3%
Travel Service Polska/Smartwings Poland (czarter) Bandżul
2%
LOT Cargo/Cargojet Airways (towarowy) Hamilton
2%
Enter Air (czarter) Ejlat/Owda
1%
Buzz (czarter) Menorka
1%
LOT (czarter) Porlamar
1%
Enter Air (czarter) Ras Al Khaimah
1%
LOT (czarter) Cayo Coco
0%
LOT (czarter) Holguin
0%
LOT (czarter) La Romana
0%
LOT (sezonowo) Połąga
0%
LOT (czarter) Puerto Vallarta
0%
LOT (czarter) Santa Clara
0%
Buzz (czarter) Tulon
0%
Nie znaleziono quizów pasujących do podanych kryteriów
Rozkład punktacji
Procent ludzi z każdym wynikiem
Percentyl według liczby udzielonych odpowiedzi
Twoja historia wyników
Nie rozwiązałeś tego quizu